00377nam a22001337a 450000500170000000800410001704100230005808200120008110000120009324500380010526000470014330000280019065000250021820240802123216.0240802b |||||||| |||| 00| 0 eng d aEnglish/Afrikaans  a349 SOU lEnglish aSouth African Law Reports: Natal  aJohannesburg: bDigma Publications, c1909 bliv, 530 pagesc25 cm.  aLegal practice bLaw